[Event "SVK-chT2C 1617"]
[Site "Slovakia"]
[Date "2017.03.11"]
[Round "10.1"]
[White "Vyparina, Matej"]
[Black "Zvarik, Martin"]
[Result "0-1"]
[WhiteElo "2213"]
[BlackElo "2300"]
[PlyCount "118"]
[EventDate "2016.10.08"]
[EventType "team-tourn"]
[EventRounds "11"]
[EventCountry "SVK"]
[SourceTitle "EXT 2018"]
[Source "ChessBase"]
[SourceDate "2017.10.13"]
[SourceVersion "1"]
[SourceVersionDate "2017.10.13"]
[SourceQuality "1"]
[WhiteTeam "Martin Medea"]
[BlackTeam "Zilina Mladost II"]
[WhiteTeamCountry "SVK"]
[BlackTeamCountry "SVK"]

1. e4 e5 2. Nf3 Nc6 3. Bb5 a6 4. Ba4 d6 5. d4 Bd7 6. 0-0 Be7 7. c3 Nf6 8. Qe2 0-0 9. Bb3 Bg4 10. Rd1 Bh5 11. Bg5 Nd7 12. Be3 Qe8 13. Nbd2 exd4 14. cxd4 Bf6 15. Qd3 Nb4 16. Qc4 c5 17. dxc5 dxc5 18. Bxc5 Rc8 19. Qxb4 Nxc5 20. Rac1 Nd3 21. Rxc8 Qxc8 22. Qa5 b5 23. a4 Bd4 24. Nxd4 Bxd1 25. axb5 Qc1 26. Qc3 Bxb3+ 27. Qxc1 Nxc1 28. N2xb3 Rd8 29. Kf1 axb5 30. Ke1 Nxb3 31. Nxb3 Kf8 32. Ke2 Ke7 33. Ke3 Kd6 34. Kd4 Kc6+ 35. Kc3 Rd1 36. Nd4+ Kb6 37. f4 Rg1 38. g3 Rg2 39. Nf5 g6 40. Nh6 Rxh2 41. Nxf7 Rg2 42. e5 Kc5 43. e6 Re2 44. Ng5 Kd6 45. Nxh7 Kxe6 46. g4 Re3+ 47. Kd2 Rg3 48. Nf8+ Kd5 49. Nxg6 Rxg4 50. f5 Kd4 51. Kc2 Rg3 52. Ne7 Rf3 53. Kd2 b4 54. Kc2 b3+ 55. Kd2 Rd3+ 56. Kc1 Ke3 57. Ng6 Rd5 58. Ne7 Rc5+ 59. Kd1 Ra5 0-1

[Event "SVK-chT2C 1617"]
[Site "Slovakia"]
[Date "2016.12.04"]
[Round "6.1"]
[White "Giertli, Vladimir"]
[Black "Vyparina, Matej"]
[Result "1/2-1/2"]
[WhiteElo "2034"]
[BlackElo "2213"]
[PlyCount "46"]
[EventDate "2016.10.08"]
[EventType "team-tourn"]
[EventRounds "11"]
[EventCountry "SVK"]
[SourceTitle "EXT 2018"]
[Source "ChessBase"]
[SourceDate "2017.10.13"]
[SourceVersion "1"]
[SourceVersionDate "2017.10.13"]
[SourceQuality "1"]
[WhiteTeam "Podbrezova ZP Sport"]
[BlackTeam "Martin Medea"]
[WhiteTeamCountry "SVK"]
[BlackTeamCountry "SVK"]

1. Nf3 Nf6 2. g3 b5 3. Bg2 Bb7 4. d3 e6 5. 0-0 c5 6. Nbd2 Be7 7. e4 d5 8. exd5 Bxd5 9. b3 0-0 10. Bb2 Nbd7 11. Qe2 a5 12. a4 bxa4 13. Rxa4 Nb6 14. Raa1 a4 15. Bh3 axb3 16. c4 Bxf3 17. Nxf3 Na4 18. Rab1 Nxb2 19. Rxb2 Ra2 20. Rfb1 Rxb2 21. Rxb2 Qb6 22. Nd2 Rd8 23. Rxb3 Qd6 1/2-1/2

[Event "SVK-chT2C 1617"]
[Site "Slovakia"]
[Date "2016.10.09"]
[Round "2.1"]
[White "Banas, Kamil"]
[Black "Vyparina, Matej"]
[Result "1/2-1/2"]
[WhiteElo "2243"]
[BlackElo "2213"]
[PlyCount "47"]
[EventDate "2016.10.08"]
[EventType "team-tourn"]
[EventRounds "11"]
[EventCountry "SVK"]
[SourceTitle "CBM 175 Extra"]
[Source "ChessBase"]
[SourceDate "2016.12.12"]
[SourceVersion "1"]
[SourceVersionDate "2016.12.12"]
[SourceQuality "1"]
[WhiteTeam "Filakovo"]
[BlackTeam "Martin Medea"]
[WhiteTeamCountry "SVK"]
[BlackTeamCountry "SVK"]

1. e4 c5 2. Nf3 Nc6 3. Nc3 e6 4. Be2 Nf6 5. d4 cxd4 6. Nxd4 a6 7. 0-0 Qc7 8. a4 Be7 9. Be3 0-0 10. f4 d6 11. Kh1 Nxd4 12. Qxd4 e5 13. Qd2 exf4 14. Bxf4 Be6 15. Rad1 Rfd8 16. h3 Rac8 17. Rf3 Qc6 18. Re3 d5 19. exd5 Nxd5 20. Rd3 Nxf4 21. Rxd8+ Bxd8 22. Qxd8+ Qe8 23. Qxe8+ Rxe8 24. Bf3 1/2-1/2

[Event "SVK-chT2C 1617"]
[Site "Slovakia"]
[Date "2016.10.08"]
[Round "1.1"]
[White "Vyparina, Matej"]
[Black "Nagy, Gabor"]
[Result "0-1"]
[WhiteElo "2213"]
[BlackElo "2431"]
[PlyCount "82"]
[EventDate "2016.10.08"]
[EventType "team-tourn"]
[EventRounds "11"]
[EventCountry "SVK"]
[SourceTitle "CBM 175 Extra"]
[Source "ChessBase"]
[SourceDate "2016.12.12"]
[SourceVersion "1"]
[SourceVersionDate "2016.12.12"]
[SourceQuality "1"]
[WhiteTeam "Martin Medea"]
[BlackTeam "Cebovce"]
[WhiteTeamCountry "SVK"]
[BlackTeamCountry "SVK"]

1. e4 c5 2. Nf3 e6 3. c4 Nc6 4. d4 cxd4 5. Nxd4 Nf6 6. Nc3 Bb4 7. Nxc6 bxc6 8. Bd3 e5 9. 0-0 0-0 10. Qf3 d6 11. h3 Bc5 12. Ne2 Ne8 13. Ng3 g6 14. Be3 Ng7 15. Rfd1 Qe7 16. Rab1 a5 17. Be2 Ne6 18. Bh6 Rd8 19. Nf5 Qa7 20. Nh4 Qd7 21. Nf5 Qe8 22. Nh4 Ra7 23. Qf6 Qe7 24. Qxe7 Rxe7 25. Bg4 f6 26. Bd2 Ra7 27. Bxa5 Rxa5 28. b4 Bxf2+ 29. Kxf2 Rxa2+ 30. Kf1 Kf7 31. Ra1 Rxa1 32. Rxa1 Ke7 33. Ra7+ Bd7 34. c5 dxc5 35. Bxe6 Kxe6 36. bxc5 Rb8 37. Ra2 Rb4 38. Re2 Rc4 39. Kf2 Rxc5 40. Rd2 Rc4 41. Ke3 c5 0-1

[Event "SVK-chT1E 1415"]
[Site "Slovakia"]
[Date "2015.01.31"]
[Round "7.1"]
[White "Vyparina, Matej"]
[Black "Michalicka, Milan"]
[Result "0-1"]
[WhiteElo "2287"]
[BlackElo "2202"]
[PlyCount "112"]
[EventDate "2014.10.18"]
[EventType "team-tourn"]
[EventRounds "11"]
[EventCountry "SVK"]
[SourceTitle "EXT 2016"]
[Source "ChessBase"]
[SourceDate "2015.10.08"]
[SourceVersion "1"]
[SourceVersionDate "2015.10.08"]
[SourceQuality "1"]
[WhiteTeam "Dolny Kubin"]
[BlackTeam "Banska Bystrica CVC"]
[WhiteTeamCountry "SVK"]
[BlackTeamCountry "SVK"]

1. e4 c5 2. Nf3 g6 3. d4 cxd4 4. Nxd4 Nc6 5. c4 Nf6 6. Nc3 d6 7. Be2 Bg7 8. Nc2 Nd7 9. 0-0 Bxc3 10. bxc3 Nc5 11. f3 Qa5 12. Bd2 Qa4 13. Be3 Be6 14. Nb4 Qxd1 15. Rfxd1 Rc8 16. Rab1 b6 17. Bxc5 dxc5 18. Nxc6 Rxc6 19. a4 0-0 20. a5 bxa5 21. Rb5 Ra6 22. Ra1 Rc8 23. Raxa5 Rxa5 24. Rxa5 Rc7 25. Kf2 Kf8 26. Ke3 Ke8 27. h4 Kd7 28. g4 Kc6 29. f4 Bd7 30. Ra6+ Kb7 31. Ra1 Rc6 32. e5 Ra6 33. Bf3+ Kb6 34. Rb1+ Kc7 35. Rb7+ Kc8 36. Rb3 Ra2 37. Bb7+ Kc7 38. Bd5 e6 39. Bf3 Bc6 40. Be2 a5 41. f5 Ra1 42. Bd3 a4 43. Rb1 Ra2 44. h5 gxh5 45. fxe6 fxe6 46. gxh5 h6 47. Rf1 a3 48. Rb1 Ba4 49. Be4 Rb2 50. Rf1 a2 51. Bg6 Bb3 52. Bd3 Rh2 53. Be4 Bxc4 54. Rf7+ Kb6 55. Rb7+ Ka6 56. Rb8 Re2+ 0-1

[Event "SVK-chT1E 1415"]
[Site "Slovakia"]
[Date "2014.11.29"]
[Round "3.1"]
[White "Vyparina, Matej"]
[Black "Mazur, Stefan"]
[Result "1-0"]
[WhiteElo "2287"]
[BlackElo "2400"]
[PlyCount "73"]
[EventDate "2014.10.18"]
[EventType "team-tourn"]
[EventRounds "11"]
[EventCountry "SVK"]
[SourceTitle "EXT 2016"]
[Source "ChessBase"]
[SourceDate "2015.10.08"]
[SourceVersion "1"]
[SourceVersionDate "2015.10.08"]
[SourceQuality "1"]
[WhiteTeam "Dolny Kubin"]
[BlackTeam "Michalovce Zemplin"]
[WhiteTeamCountry "SVK"]
[BlackTeamCountry "SVK"]

1. e4 e5 2. Nf3 Nc6 3. Bb5 a6 4. Ba4 Nf6 5. d4 exd4 6. 0-0 Be7 7. e5 Ne4 8. Nxd4 0-0 9. Nf5 d5 10. Bxc6 bxc6 11. Nxe7+ Qxe7 12. Re1 Re8 13. f3 Nd6 14. b3 Nf5 15. Ba3 Qh4 16. Bc5 d4 17. Re4 Qh5 18. Qe2 Be6 19. c4 Nd6 20. g4 Qg5 21. h4 Qc1+ 22. Qe1 Qxe1+ 23. Rxe1 Nb7 24. Bxd4 Rad8 25. Be3 Bc8 26. Nc3 Rd3 27. Ne4 Rxe5 28. Bf4 Re6 29. Ng5 Nc5 30. Nxe6 Nxe6 31. Rad1 Rxd1 32. Rxd1 h5 33. Bxc7 Kh7 34. Bg3 hxg4 35. fxg4 Nc5 36. Rd4 a5 37. Be1 1-0

[Event "SVK-chT1E 1314"]
[Site "Slovakia"]
[Date "2014.03.01"]
[Round "8.1"]
[White "Stocek, Jiri"]
[Black "Vyparina, Matej"]
[Result "0-1"]
[WhiteElo "2543"]
[BlackElo "2277"]
[PlyCount "68"]
[EventDate "2013.10.12"]
[EventType "team-tourn"]
[EventRounds "11"]
[EventCountry "SVK"]
[SourceTitle "EXT 2015"]
[Source "ChessBase"]
[SourceDate "2014.11.20"]
[SourceVersion "1"]
[SourceVersionDate "2014.11.20"]
[SourceQuality "1"]
[WhiteTeam "Kezmarok"]
[BlackTeam "Dolny Kubin"]
[WhiteTeamCountry "SVK"]
[BlackTeamCountry "SVK"]

1. d4 Nf6 2. c4 c6 3. Nc3 d5 4. Nf3 dxc4 5. a4 Bf5 6. Ne5 Nbd7 7. Nxc4 Qc7 8. Bg5 e5 9. e3 Bb4 10. Bd3 Bg6 11. 0-0 exd4 12. Bf4 Qd8 13. Bxg6 hxg6 14. Qxd4 0-0 15. Nd6 Qb6 16. Rfd1 Qxd4 17. Rxd4 Bxc3 18. bxc3 Nc5 19. Rc4 Nb3 20. Re1 Na5 21. Rd4 Nd5 22. Bg5 f6 23. e4 Rad8 24. Bc1 Nxc3 25. Ba3 c5 26. Rd2 Nxa4 27. f4 b5 28. e5 Nb7 29. Bc1 Nxd6 30. exd6 Rfe8 31. Rxe8+ Rxe8 32. Rd5 Kf7 33. f5 gxf5 34. Bf4 Nc3 0-1

[Event "SVK-chT1E 1314"]
[Site "Slovakia"]
[Date "2013.10.12"]
[Round "1.1"]
[White "Mazur, Stefan"]
[Black "Vyparina, Matej"]
[Result "1-0"]
[WhiteElo "2413"]
[BlackElo "2277"]
[PlyCount "65"]
[EventDate "2013.10.12"]
[EventType "team-tourn"]
[EventRounds "11"]
[EventCountry "SVK"]
[SourceTitle "EXT 2015"]
[Source "ChessBase"]
[SourceDate "2014.11.20"]
[SourceVersion "1"]
[SourceVersionDate "2014.11.20"]
[SourceQuality "1"]
[WhiteTeam "Michalovce Zemplin"]
[BlackTeam "Dolny Kubin"]
[WhiteTeamCountry "SVK"]
[BlackTeamCountry "SVK"]

1. e4 c5 2. Nf3 e6 3. d4 cxd4 4. Nxd4 a6 5. Bd3 Qc7 6. 0-0 Nc6 7. Nxc6 dxc6 8. Nd2 Nf6 9. f4 e5 10. Nc4 Ng4 11. Qe2 b5 12. Nxe5 Nxe5 13. fxe5 Qxe5 14. Kh1 Bc5 15. Bf4 Qe7 16. a4 Bd7 17. e5 h5 18. axb5 cxb5 19. Qf3 Ra7 20. Qg3 Kf8 21. Bg5 Qe6 22. b4 h4 23. Bxh4 Bxb4 24. Bf5 Qb6 25. e6 Bd6 26. e7+ Bxe7 27. Bxe7+ Kxe7 28. Qxg7 Qh6 29. Qe5+ Kf8 30. Rad1 Be8 31. Rde1 Bc6 32. Re3 Rb7 33. Qc5+ 1-0

[Event "SVK-chT1E 1213"]
[Site "Slovakia"]
[Date "2013.02.24"]
[Round "9.6"]
[White "Petrik, Tomas"]
[Black "Vyparina, Matej"]
[Result "1-0"]
[WhiteElo "2534"]
[BlackElo "2305"]
[PlyCount "53"]
[EventDate "2012.10.20"]
[EventType "team-tourn"]
[EventRounds "11"]
[EventCountry "SVK"]
[SourceTitle "EXT 2015"]
[Source "ChessBase"]
[SourceDate "2014.11.20"]
[SourceVersion "1"]
[SourceVersionDate "2014.11.20"]
[SourceQuality "1"]
[WhiteTeam "Stara Lubovna"]
[BlackTeam "Zilina Mladost"]
[WhiteTeamCountry "SVK"]
[BlackTeamCountry "SVK"]

1. e4 c5 2. Nf3 Nc6 3. d4 cxd4 4. Nxd4 Nf6 5. Nc3 e6 6. Ndb5 d6 7. Bf4 e5 8. Bg5 a6 9. Na3 b5 10. Nd5 Be7 11. Bxf6 Bxf6 12. c3 0-0 13. Nc2 Bg5 14. a4 bxa4 15. Rxa4 a5 16. Bc4 Be6 17. 0-0 Rb8 18. b4 axb4 19. cxb4 Ne7 20. Ra6 Qc8 21. Qd3 Nxd5 22. Bxd5 Bxd5 23. exd5 e4 24. Qe2 Qf5 25. Rd1 Rfc8 26. Nd4 Qxd5 27. Ra5 1-0

[Event "SVK-chT1E 1213"]
[Site "Slovakia"]
[Date "2013.02.23"]
[Round "8.6"]
[White "Vyparina, Matej"]
[Black "Svoboda, Svatopluk"]
[Result "1/2-1/2"]
[WhiteElo "2305"]
[BlackElo "2334"]
[PlyCount "71"]
[EventDate "2012.10.20"]
[EventType "team-tourn"]
[EventRounds "11"]
[EventCountry "SVK"]
[SourceTitle "EXT 2015"]
[Source "ChessBase"]
[SourceDate "2014.11.20"]
[SourceVersion "1"]
[SourceVersionDate "2014.11.20"]
[SourceQuality "1"]
[WhiteTeam "Zilina Mladost"]
[BlackTeam "Sabinov"]
[WhiteTeamCountry "SVK"]
[BlackTeamCountry "SVK"]

1. e4 c5 2. Nf3 e6 3. d4 cxd4 4. Nxd4 Nf6 5. Nc3 d6 6. Be2 Be7 7. 0-0 0-0 8. Be3 Nc6 9. f4 Bd7 10. Kh1 Nxd4 11. Bxd4 Bc6 12. Bd3 a6 13. a4 b6 14. Qe2 Bb7 15. Rad1 Qc7 16. e5 dxe5 17. fxe5 Nd7 18. Qh5 g6 19. Qh6 Nc5 20. Be2 Rad8 21. Bf3 Rd7 22. Bxb7 Qxb7 23. Rf3 Ne4 24. Rh3 Ng5 25. Rhd3 Rfd8 26. Be3 Rxd3 27. cxd3 Nf3 28. Qf4 Bg5 29. Qg3 Bxe3 30. gxf3 Qc6 31. Ne4 Qc2 32. Re1 Rxd3 33. Qh4 h6 34. Rxe3 Rxe3 35. Qd8+ Kg7 36. Qf6+ 1/2-1/2

[Event "SVK-chT1E 1213"]
[Site "Slovakia"]
[Date "2013.02.03"]
[Round "7.5"]
[White "Jurcik, Marian"]
[Black "Vyparina, Matej"]
[Result "1-0"]
[WhiteElo "2496"]
[BlackElo "2305"]
[PlyCount "61"]
[EventDate "2012.10.20"]
[EventType "team-tourn"]
[EventRounds "11"]
[EventCountry "SVK"]
[SourceTitle "EXT 2015"]
[Source "ChessBase"]
[SourceDate "2014.11.20"]
[SourceVersion "1"]
[SourceVersionDate "2014.11.20"]
[SourceQuality "1"]
[WhiteTeam "Kysucke Nove Mesto"]
[BlackTeam "Zilina Mladost"]
[WhiteTeamCountry "SVK"]
[BlackTeamCountry "SVK"]

1. b3 Nf6 2. Bb2 g6 3. Bxf6 exf6 4. d4 f5 5. e3 Bg7 6. g3 d6 7. Bg2 Nd7 8. Ne2 g5 9. Qd3 Nf6 10. Bxb7 Bxb7 11. Qb5+ Qd7 12. Qxb7 0-0 13. Nd2 a5 14. Qg2 a4 15. h4 axb3 16. cxb3 h6 17. hxg5 hxg5 18. a4 Rfe8 19. Rc1 c5 20. 0-0 cxd4 21. Nxd4 Ne4 22. Nxe4 Rxe4 23. Nb5 Rb8 24. Rfd1 Rb6 25. Rc4 Qe6 26. Rdc1 Bf6 27. Rc8+ Kg7 28. Qh3 Kg6 29. Rg8+ Bg7 30. Qh8 Qf6 31. Rcc8 1-0

[Event "Gibraltar Masters 11th"]
[Site "Caleta"]
[Date "2013.01.31"]
[Round "10"]
[White "Salem, AR Saleh"]
[Black "Vyparina, Matej"]
[Result "1-0"]
[WhiteElo "2538"]
[BlackElo "2305"]
[PlyCount "59"]
[EventDate "2013.01.22"]
[EventType "swiss"]
[EventRounds "10"]
[EventCountry "GGB"]
[SourceTitle "CBM 153"]
[Source "ChessBase"]
[SourceDate "2013.03.14"]
[SourceVersion "1"]
[SourceVersionDate "2013.03.14"]
[SourceQuality "1"]

1. d4 Nf6 2. c4 c5 3. d5 d6 4. Nc3 g6 5. e4 Bg7 6. h3 0-0 7. Nf3 e6 8. Bg5 exd5 9. cxd5 h6 10. Be3 b6 11. a4 Ba6 12. Bb5 Qe7 13. Qd3 Bxb5 14. axb5 Ne8 15. 0-0 Nc7 16. Ra4 a6 17. e5 axb5 18. exd6 Qxd6 19. Rxa8 Nxa8 20. Nxb5 Qd7 21. d6 Nc6 22. Rd1 Rd8 23. Bd2 Re8 24. Bc3 Re6 25. Ra1 Re8 26. Qd5 Rc8 27. Bxg7 Kxg7 28. Ne5 Nxe5 29. Qxe5+ Kg8 30. Qe7 1-0

[Event "Gibraltar Masters 11th"]
[Site "Caleta"]
[Date "2013.01.24"]
[Round "3"]
[White "Vyparina, Matej"]
[Black "Uran Bermudez, Oliver Kevin"]
[Result "1-0"]
[WhiteElo "2305"]
[BlackElo "2113"]
[PlyCount "123"]
[EventDate "2013.01.22"]
[EventType "swiss"]
[EventRounds "10"]
[EventCountry "GGB"]
[SourceTitle "CBM 153"]
[Source "ChessBase"]
[SourceDate "2013.03.14"]
[SourceVersion "1"]
[SourceVersionDate "2013.03.14"]
[SourceQuality "1"]

1. e4 d6 2. d4 e5 3. Nf3 Nd7 4. Bc4 Be7 5. dxe5 Nxe5 6. Nxe5 dxe5 7. Qh5 g6 8. Qxe5 Nf6 9. Bh6 Rg8 10. Bg5 Ng4 11. Qxe7+ Qxe7 12. Bxe7 Kxe7 13. Nc3 c6 14. a4 Ne5 15. Bb3 Be6 16. Bxe6 Kxe6 17. Ke2 f6 18. Rad1 Rad8 19. Rxd8 Rxd8 20. Rd1 Rxd1 21. Nxd1 f5 22. f4 Ng4 23. h3 Nf6 24. e5 Nd5 25. g3 Nb4 26. Ne3 b5 27. c3 Na6 28. axb5 cxb5 29. b4 Nb8 30. Nc2 Nc6 31. Kd3 Kd5 32. Na3 a6 33. Nc2 Nd8 34. Nd4 Nb7 35. Nf3 Nd8 36. Ng5 h6 37. Nh7 Ne6 38. Nf6+ Kc6 39. Ng8 g5 40. Ne7+ Kd7 41. Nxf5 gxf4 42. g4 Ng5 43. h4 Nf7 44. Ke4 f3 45. Kxf3 Nxe5+ 46. Kf4 Nf7 47. Ke4 Ke6 48. Nd4+ Kd6 49. Nf3 Ke6 50. g5 Nd6+ 51. Kd4 hxg5 52. Nxg5+ Kf5 53. Kd5 Nc4 54. Nf7 a5 55. Nd6+ Nxd6 56. bxa5 Ne4 57. Kd4 Ng3 58. a6 Ne2+ 59. Kc5 Nxc3 60. a7 b4 61. a8Q b3 62. Qf3+ 1-0

[Event "Gibraltar Masters 11th"]
[Site "Caleta"]
[Date "2013.01.23"]
[Round "2"]
[White "Jakubiec, Artur"]
[Black "Vyparina, Matej"]
[Result "1-0"]
[WhiteElo "2518"]
[BlackElo "2305"]
[PlyCount "69"]
[EventDate "2013.01.22"]
[EventType "swiss"]
[EventRounds "10"]
[EventCountry "GGB"]
[SourceTitle "CBM 153"]
[Source "ChessBase"]
[SourceDate "2013.03.14"]
[SourceVersion "1"]
[SourceVersionDate "2013.03.14"]
[SourceQuality "1"]

1. g3 g6 2. Bg2 Bg7 3. e4 c5 4. Ne2 Nc6 5. c3 e5 6. d3 Nge7 7. Be3 d6 8. 0-0 Be6 9. Nd2 f5 10. d4 cxd4 11. cxd4 f4 12. Bxf4 exf4 13. d5 Bf7 14. dxc6 fxg3 15. cxb7 gxh2+ 16. Kh1 Rb8 17. Nc4 0-0 18. Nxd6 Be6 19. f4 Bxb2 20. Rb1 Ba3 21. e5 Bxd6 22. Qxd6 Qxd6 23. exd6 Nf5 24. Rfc1 Rfd8 25. Kxh2 Rxd6 26. Rb2 Ne3 27. Bf3 Nc4 28. Rbc2 Nb6 29. Ng3 Rd3 30. Bg2 Kg7 31. Ne4 Bf5 32. Rc7+ Rd7 33. Rxd7+ Bxd7 34. Nc5 Bb5 35. a4 1-0

[Event "Gibraltar Masters 11th"]
[Site "Caleta"]
[Date "2013.01.22"]
[Round "1"]
[White "Vyparina, Matej"]
[Black "Iglesias Fernandez, Luis"]
[Result "1-0"]
[WhiteElo "2305"]
[BlackElo "1862"]
[PlyCount "43"]
[EventDate "2013.01.22"]
[EventType "swiss"]
[EventRounds "10"]
[EventCountry "GGB"]
[SourceTitle "CBM 153"]
[Source "ChessBase"]
[SourceDate "2013.03.14"]
[SourceVersion "1"]
[SourceVersionDate "2013.03.14"]
[SourceQuality "1"]

1. e4 e6 2. d4 d5 3. e5 c5 4. c3 Qb6 5. Nf3 Bd7 6. Bd3 Nc6 7. 0-0 cxd4 8. cxd4 Nxd4 9. Nxd4 Qxd4 10. Nc3 a6 11. Re1 Ne7 12. Be3 Qxe5 13. Na4 Bxa4 14. Qxa4+ Nc6 15. Rac1 Bd6 16. f4 Qh5 17. Rxc6 bxc6 18. Qxc6+ Ke7 19. Qb7+ Kf6 20. Bd4+ e5 21. fxe5+ Bxe5 22. Qc6+ 1-0

[Event "SVK-chT1E 1213"]
[Site "Slovakia"]
[Date "2013.01.12"]
[Round "5.5"]
[White "Druska, Juraj"]
[Black "Vyparina, Matej"]
[Result "1-0"]
[WhiteElo "2310"]
[BlackElo "2305"]
[PlyCount "53"]
[EventDate "2012.10.20"]
[EventType "team-tourn"]
[EventRounds "11"]
[EventCountry "SVK"]
[SourceTitle "EXT 2015"]
[Source "ChessBase"]
[SourceDate "2014.11.20"]
[SourceVersion "1"]
[SourceVersionDate "2014.11.20"]
[SourceQuality "1"]
[WhiteTeam "Liptov Chess School"]
[BlackTeam "Zilina Mladost"]
[WhiteTeamCountry "SVK"]
[BlackTeamCountry "SVK"]

1. e4 e5 2. Nf3 Nf6 3. Nxe5 d6 4. Nf3 Nxe4 5. d4 d5 6. Bd3 Nc6 7. 0-0 Be7 8. c4 Nb4 9. cxd5 Nxd3 10. Qxd3 Qxd5 11. Re1 Bf5 12. g4 Bg6 13. Nc3 Nxc3 14. Qxc3 Kd8 15. Bf4 Bd6 16. Bxd6 Qxd6 17. Rac1 f6 18. Qb3 b6 19. Ne5 Be8 20. Rc6 Qxd4 21. Rd1 fxe5 22. Rxd4+ exd4 23. Qd5+ Kc8 24. Rxc7+ Kxc7 25. Qxa8 Rf8 26. Qxa7+ Kc6 27. Qe7 1-0

[Event "SVK-chT2C 1112"]
[Site "Slovakia"]
[Date "2012.02.25"]
[Round "10.1"]
[White "Macko, Michal"]
[Black "Vyparina, Matej"]
[Result "0-1"]
[WhiteElo "2146"]
[BlackElo "2271"]
[PlyCount "66"]
[EventDate "2011.10.08"]
[EventType "team-tourn"]
[EventRounds "11"]
[EventCountry "SVK"]
[SourceTitle "EXT 2013"]
[Source "ChessBase"]
[SourceDate "2012.11.22"]
[SourceVersion "1"]
[SourceVersionDate "2012.11.22"]
[SourceQuality "1"]
[WhiteTeam "Liptov Chess School II"]
[BlackTeam "Zilina Mladost II"]
[WhiteTeamCountry "SVK"]
[BlackTeamCountry "SVK"]

1. c4 Nf6 2. Nc3 c5 3. g3 g6 4. Bg2 Bg7 5. e4 Nc6 6. Nge2 d6 7. 0-0 0-0 8. d3 Nh5 9. h3 f5 10. exf5 gxf5 11. Bg5 h6 12. Bh4 f4 13. gxf4 Nxf4 14. Nxf4 Rxf4 15. Bg3 Rf8 16. Qd2 Nd4 17. f4 Rb8 18. Rae1 Bf5 19. Bh4 Bf6 20. Bxf6 Rxf6 21. Nd5 Rf7 22. Ne3 Rg7 23. Kh2 Qd7 24. Nxf5 Qxf5 25. Be4 Qf6 26. Rg1 b5 27. Rxg7+ Kxg7 28. Rg1+ Kh8 29. cxb5 Rxb5 30. Qf2 Rxb2 31. Qxb2 Nf3+ 32. Bxf3 Qxb2+ 33. Rg2 Qd4 0-1

[Event "SVK-chT2C 1112"]
[Site "Slovakia"]
[Date "2012.01.28"]
[Round "8.1"]
[White "Vyparina, Matej"]
[Black "Kamody, Mario"]
[Result "1-0"]
[WhiteElo "2271"]
[BlackElo "2241"]
[PlyCount "81"]
[EventDate "2011.10.08"]
[EventType "team-tourn"]
[EventRounds "11"]
[EventCountry "SVK"]
[SourceTitle "EXT 2013"]
[Source "ChessBase"]
[SourceDate "2012.11.22"]
[SourceVersion "1"]
[SourceVersionDate "2012.11.22"]
[SourceQuality "1"]
[WhiteTeam "Zilina Mladost II"]
[BlackTeam "Zvolen Slavia"]
[WhiteTeamCountry "SVK"]
[BlackTeamCountry "SVK"]

1. e4 c5 2. Nf3 Nc6 3. Bb5 g6 4. 0-0 Bg7 5. Re1 Nf6 6. c3 0-0 7. Bxc6 dxc6 8. h3 b5 9. d3 Bb7 10. Qc2 Nd7 11. Be3 e5 12. Nbd2 Qe7 13. a4 a6 14. Nb3 Rac8 15. Na5 Ba8 16. Reb1 Rfd8 17. Qb3 h6 18. Qa3 Bf8 19. Nb3 Kh7 20. Re1 Rb8 21. axb5 axb5 22. Qa7 Rb7 23. Qa6 Qd6 24. d4 cxd4 25. cxd4 exd4 26. Nfxd4 c5 27. Qa5 Qb6 28. Nc6 Re8 29. Na7 Rxe4 30. Qxb6 Rxb6 31. Red1 Rb7 32. Nxb5 Re8 33. Nd6 Bxd6 34. Rxd6 Ne5 35. Nxc5 Rxb2 36. Bd4 Nc4 37. Rd7 Rd2 38. Rxf7+ Kg8 39. Rg7+ Kh8 40. Re7+ Rxd4 41. Rxe8+ 1-0

[Event "SVK-chT2C 1112"]
[Site "Slovakia"]
[Date "2011.11.06"]
[Round "4.1"]
[White "Rogos, Jan Jr"]
[Black "Vyparina, Matej"]
[Result "0-1"]
[WhiteElo "2164"]
[BlackElo "2271"]
[PlyCount "96"]
[EventDate "2011.10.08"]
[EventType "team-tourn"]
[EventRounds "11"]
[EventCountry "SVK"]
[SourceTitle "EXT 2013"]
[Source "ChessBase"]
[SourceDate "2012.11.22"]
[SourceVersion "1"]
[SourceVersionDate "2012.11.22"]
[SourceQuality "1"]
[WhiteTeam "Jelsava"]
[BlackTeam "Zilina Mladost II"]
[WhiteTeamCountry "SVK"]
[BlackTeamCountry "SVK"]

1. d4 Nf6 2. Nf3 c5 3. d5 d6 4. c4 g6 5. Nc3 Bg7 6. e4 0-0 7. Bd3 e6 8. 0-0 exd5 9. cxd5 Na6 10. Bg5 h6 11. Bf4 Nc7 12. Nd2 Nfe8 13. Bg3 b6 14. f4 Rb8 15. Qe2 b5 16. Nxb5 c4 17. Bxc4 Nxb5 18. e5 Nd4 19. Qe4 Nf5 20. b3 Nxg3 21. hxg3 dxe5 22. fxe5 Qg5 23. Nf3 Qxg3 24. Rae1 Kh7 25. Nd4 f5 26. Qe2 Nd6 27. Nc6 Nxc4 28. bxc4 Rb7 29. Rf3 Qh4 30. e6 Rb2 31. Qf1 Re8 32. Rd3 Qxc4 33. Ne5 Qc5+ 34. Kh1 Ba6 35. Nd7 Qc4 36. Ree3 Qh4+ 37. Rh3 Bxd3 38. Qxd3 Qe1+ 39. Kh2 Qf2 40. Rg3 Bd4 41. Qd1 Rxa2 42. e7 Bg7 43. d6 f4 44. Nf8+ Bxf8 45. Rg4 Ra5 46. Rxg6 Qh4+ 47. Kg1 Kxg6 48. Qd3+ Rf5 0-1

[Event "SVK-chT1E 1011"]
[Site "Slovakia"]
[Date "2011.02.12"]
[Round "6.2"]
[White "Zambor, Norbert"]
[Black "Vyparina, Matej"]
[Result "0-1"]
[WhiteElo "2278"]
[BlackElo "2198"]
[PlyCount "76"]
[EventDate "2010.11.06"]
[EventType "team-tourn"]
[EventRounds "11"]
[EventCountry "SVK"]
[SourceTitle "EXT 2012"]
[Source "ChessBase"]
[SourceDate "2011.11.24"]
[SourceVersion "1"]
[SourceVersionDate "2011.11.24"]
[SourceQuality "1"]
[WhiteTeam "Svit"]
[BlackTeam "Zilina"]
[WhiteTeamCountry "SVK"]
[BlackTeamCountry "SVK"]

1. e4 c5 2. Nf3 Nc6 3. Bb5 g6 4. Bxc6 dxc6 5. d3 Bg7 6. h3 e5 7. Nc3 Ne7 8. Be3 b6 9. Qd2 h6 10. g4 Be6 11. 0-0-0 Qd7 12. Rhg1 0-0-0 13. Kb1 f6 14. Nh2 h5 15. f4 hxg4 16. hxg4 exf4 17. Bxf4 Rh3 18. Rg2 Rdh8 19. Rdg1 Kb7 20. Nd1 g5 21. Bg3 Ng6 22. Ne3 Bf8 23. Nf5 Bxf5 24. gxf5 Nh4 25. Bxh4 R8xh4 26. Ng4 Be7 27. Qf2 c4 28. d4 c3 29. b3 Qd6 30. Ka1 Rh1 31. Qe1 Rxg1 32. Rxg1 Qxd4 33. Rg3 Qb4 34. Nf2 Bc5 35. Nd3 Qxe4 36. Nxc5+ bxc5 37. Qxc3 Qd4 38. Kb2 Rf4 0-1